000
00273nam a2200121Ia 4500
008
190216s9999||||xx |||||||||||||| ||und||
100
_a
Ghosh A
245
0
_a
Indian Economy
260
_b
The World Press Pvt Ltd
_c
1976
300
_a
695p
650
_a
Economics
942
_c
BK
999
_c
9634
_d
9634